| 000 | 00738cab a2200253 4500 | ||
|---|---|---|---|
| 001 | WB3230-17 | ||
| 008 | 090401t1996 xxu||||| |||| 00| 0 eng d | ||
| 035 | _a(Sirsi) u64483 | ||
| 041 | _aeng | ||
| 245 | _aPoundbury proving attractive | ||
| 260 | _c1996 | ||
| 350 | _a0 | ||
| 490 |
_aTimes _v1 August 1996, 27(1) |
||
| 520 | _aPoundbury, the controversial housing development in West Dorset, is proving successful in attracting investors. | ||
| 650 | _aDUCHY OF CORNWALL | ||
| 650 | _aNEW SETTLEMENTS | ||
| 650 | _aNEW VILLAGES | ||
| 650 | _aPOUNDBURY | ||
| 650 | _aPRINCE OF WALES | ||
| 690 | _aPROPERTY-PROPERTY DEVELOPMENT | ||
| 690 | _aPROPERTY-PROPERTY FINANCE AND INVESTMENT | ||
| 942 | _n0 | ||
| 948 | _c04/03/1997 | ||
| 999 |
_c40166 _d40166 |
||